| 000 | 00919nam a22002777a 4500 | ||
|---|---|---|---|
| 001 | 7009 | ||
| 003 | FISKH | ||
| 005 | 20250617110519.0 | ||
| 008 | 250617b cb ||||| |||| 00| 0 eng d | ||
| 020 | _a9781572552098 | ||
| 040 |
_aFISKH _beng _cFISKH _dFISKH |
||
| 050 | _aQL568.F7 B655 | ||
| 082 | _a595.79 | ||
| 100 | _aBrenner, Barbara | ||
| 245 |
_aThinking about ants / _cby Barbara Brenner : Illustrated by Carol Schwartz |
||
| 260 |
_aNew York : _bMondo Publishing , _c1996. |
||
| 300 |
_a32 pages : _bcolor illustrations ; _c26 cm . |
||
| 505 | _aK | ||
| 520 | _aAsks the reader to imagine what it would be like to be an ant, describing what ants look like, what they eat, where and how they live, and more. | ||
| 521 | 8 |
_a510
_bLexile |
|
| 521 | 8 |
_aK
_bRaz-Plus |
|
| 650 |
_aAnts _vJuvenile Literature |
||
| 700 |
_aSchwartz, Carol _eIllustrator |
||
| 942 |
_2ddc _cBK _n0 |
||
| 999 |
_c7009 _d7009 |
||